[Event "VIE-ch U11"]
[Site "Ho Chi Minh City"]
[Date "2014.07.18"]
[Round "9"]
[White "Truong, Hoai Nam"]
[Black "Nguyen, Trung Hieu"]
[Result "0-1"]
[WhiteElo "1945"]
[BlackElo "1894"]
[PlyCount "114"]
[EventDate "2014.07.13"]
[EventType "swiss"]
[EventRounds "9"]
[EventCountry "VIE"]
[SourceTitle "EXT 2016"]
[Source "ChessBase"]
[SourceDate "2015.10.08"]
[SourceVersion "1"]
[SourceVersionDate "2015.10.08"]
[SourceQuality "1"]

1. e4 c6 2. d4 d5 3. Nc3 dxe4 4. Nxe4 Bf5 5. Ng3 Bg6 6. Nf3 Nd7 7. Bd3 Ngf6 8. 0-0 e6 9. Re1 Be7 10. c4 0-0 11. Bxg6 hxg6 12. Bd2 Rc8 13. b4 Nb6 14. Qb3 Qc7 15. Bc3 Rfd8 16. a3 Qb8 17. Rad1 Bd6 18. Ne4 Nxe4 19. Rxe4 Nd7 20. Ree1 Nf6 21. h3 b5 22. c5 Be7 23. Ne5 Nd5 24. Bb2 Bf6 25. Ng4 Be7 26. Qf3 Qf4 27. Qxf4 Nxf4 28. Re4 Nd5 29. Ree1 Bf6 30. Ne3 Ra8 31. Nc2 Rd7 32. g3 a5 33. Ra1 Rda7 34. Rec1 axb4 35. Nxb4 Nxb4 36. axb4 Ra2 37. Rxa2 Rxa2 38. Rb1 Kf8 39. f4 g5 40. Kf1 gxf4 41. gxf4 Kg8 42. d5 Bxb2 43. dxc6 Bf6 44. Rd1 Ra7 45. Rd7 Rxd7 46. cxd7 Bd8 47. Ke2 Kf8 48. Kd3 Ke7 49. Ke4 Kxd7 50. Ke5 Bc7+ 51. Ke4 Kc6 52. Kd4 Bd8 53. Ke4 Bf6 54. Kd3 Kd5 55. h4 Bxh4 56. Kc3 Bg3 57. f5 exf5 0-1

[Event "VIE-ch U11"]
[Site "Ho Chi Minh City"]
[Date "2014.07.17"]
[Round "7"]
[White "Vo, Huynh Thien"]
[Black "Truong, Hoai Nam"]
[Result "1/2-1/2"]
[WhiteElo "1924"]
[BlackElo "1945"]
[PlyCount "80"]
[EventDate "2014.07.13"]
[EventType "swiss"]
[EventRounds "9"]
[EventCountry "VIE"]
[SourceTitle "EXT 2016"]
[Source "ChessBase"]
[SourceDate "2015.10.08"]
[SourceVersion "1"]
[SourceVersionDate "2015.10.08"]
[SourceQuality "1"]

1. e4 c6 2. d4 d5 3. exd5 cxd5 4. Bd3 Nc6 5. c3 Nf6 6. h3 e6 7. Bf4 Bd6 8. Bxd6 Qxd6 9. Nf3 Bd7 10. 0-0 0-0 11. Re1 Rac8 12. Nbd2 h6 13. Ne5 Rfe8 14. Qf3 Qf8 15. Qg3 Red8 16. Ndf3 Be8 17. Rac1 Nxe5 18. Nxe5 Nd7 19. f4 Nxe5 20. fxe5 Qe7 21. Re3 Rc7 22. Rf3 Kh8 23. Rf2 Rdc8 24. Bb1 b5 25. Qd3 g6 26. Qe3 Kg7 27. Bd3 b4 28. Ba6 Rb8 29. Qd2 Rb6 30. Bf1 bxc3 31. bxc3 Bb5 32. Bxb5 Rxb5 33. Qf4 Rb6 34. Rfc2 Rbc6 35. Kh2 Rc4 36. Qf2 Qa3 37. Qd2 Qe7 38. Qf2 Qa3 39. Qf3 Qa4 40. Qe3 Qa3 1/2-1/2

[Event "VIE-ch U11"]
[Site "Ho Chi Minh City"]
[Date "2014.07.14"]
[Round "3"]
[White "Nguyen, Thanh Vy"]
[Black "Truong, Hoai Nam"]
[Result "0-1"]
[WhiteElo "1909"]
[BlackElo "1945"]
[PlyCount "102"]
[EventDate "2014.07.13"]
[EventType "swiss"]
[EventRounds "9"]
[EventCountry "VIE"]
[SourceTitle "EXT 2016"]
[Source "ChessBase"]
[SourceDate "2015.10.08"]
[SourceVersion "1"]
[SourceVersionDate "2015.10.08"]
[SourceQuality "1"]

1. e4 c6 2. d4 d5 3. Nc3 dxe4 4. Nxe4 Bf5 5. Nc3 e6 6. Bd3 Bg6 7. Bxg6 hxg6 8. Nf3 Nd7 9. Be3 Ngf6 10. Qd2 Bd6 11. 0-0-0 Qc7 12. g3 0-0-0 13. Bf4 Bxf4 14. Qxf4 Qxf4+ 15. gxf4 Nh5 16. Ne5 Rhf8 17. Ne2 Ndf6 18. h4 Nd5 19. Rh3 Ndxf4 20. Nxf4 Nxf4 21. Rf3 Ne2+ 22. Kb1 Rxd4 23. Rxd4 Nxd4 24. Rxf7 Rxf7 25. Nxf7 Nf5 26. Ng5 Kd7 27. Nf3 Kd6 28. Kc1 e5 29. Ng5 Nxh4 30. Nf7+ Kd5 31. Kd2 b5 32. Ke3 Nf5+ 33. Kd3 e4+ 34. Ke2 Nd6 35. Nxd6 Kxd6 36. Ke3 Ke5 37. c3 c5 38. b3 g5 39. c4 b4 40. Ke2 Kf4 41. Ke1 Kf3 42. Kf1 g4 43. Ke1 e3 44. fxe3 Kxe3 45. Kf1 Kf3 46. Kg1 g3 47. Kf1 g2+ 48. Kg1 Kg3 49. a4 bxa3 50. b4 a2 51. bxc5 a1Q# 0-1